[Event "Pan-Am Intercollegiate 2012"]
[Site "Princeton USA"]
[Date "2012.12.30"]
[Round "6"]
[White "Riccardi,T"]
[Black "Lee,Micha"]
[Result "0-1"]
[WhiteElo "2116"]
[BlackElo "2400"]

1.e4 c5 2.Nf3 Nc6 3.Bb5 g6 4.O-O Bg7 5.Re1 Nf6 6.c3 O-O 7.d4 d5 8.e5 Ne4
9.Nbd2 cxd4 10.Bxc6 bxc6 11.cxd4 Nxd2 12.Qxd2 Bg4 13.Qf4 Bxf3 14.Qxf3 Qb6
15.Qc3 Rfc8 16.Bg5 Bf8 17.h4 e6 18.h5 c5 19.Rac1 Rab8 20.Rc2 Qa6 21.Rec1 c4
22.a3 Qa4 23.hxg6 fxg6 24.b4 a5 25.Qh3 Re8 26.Rc3 axb4 27.axb4 Rxb4 28.Rf3 Qd7
29.Kh2 Qa7 30.Rf6 Rb3 31.f3 Qd7 32.Kg3 Bg7 33.Rf4 Rf8 34.Rh1 h5 35.Rf6 Bxf6
36.exf6 Qc7+ 37.Bf4 Qf7 38.Be5 c3 39.Qh4 c2 40.Rc1 Rc8 41.Qg5 Rb1 42.Qd2 Rxc1
43.Qxc1 Kh7 44.Kh4 Qb7 45.Bf4 Qf7 46.Kg5 Qf8 47.g3 Rc3 48.Qa1 c1=Q 49.Bxc1 Rxc1
50.Qa7+ Kh8 51.Qe7 Qxe7 52.fxe7 Rc8 53.Kxg6 e5 54.f4 Rg8+ 55.Kf7 e4 56.f5 e3  0-1

[Event "18th Bosnjaci Open"]
[Site "Bosnjaci CRO"]
[Date "2013.01.03"]
[Round "1.1"]
[White "Delchev,A"]
[Black "Tucakovic,Z"]
[Result "1-0"]
[WhiteElo "2616"]
[BlackElo "1968"]

1.e4 c5 2.Nf3 Nc6 3.Bb5 a6 4.Bxc6 bxc6 5.O-O Qc7 6.Re1 e5 7.c3 Nf6 8.d4 cxd4
9.cxd4 d6 10.Nbd2 Be6 11.b3 exd4 12.Nxd4 Be7 13.Qf3 O-O 14.Bb2 Nd7 15.Rac1 Ne5
16.Qg3 Bd7 17.f4 Ng6 18.N2f3 c5 19.Nf5 f6 20.h4 Bxf5 21.exf5 Nh8 22.Nd4 Rf7
23.Qf3 Rb8 24.Re6 Rb6 25.Nc2 Qb7 26.Qxb7 Rxb7 27.Ne3 Bf8 28.Nd5 Rfd7 29.Rc3 Nf7
30.Nxf6+ gxf6 31.Rg3+ Bg7 32.Re8+  1-0

[Event "Australian Open 2013"]
[Site "Cammeray AUS"]
[Date "2013.01.03"]
[Round "2.3"]
[White "Webster,David"]
[Black "Johansen,D"]
[Result "1/2-1/2"]
[WhiteElo "2017"]
[BlackElo "2441"]

1.e4 c5 2.Nf3 Nc6 3.Bb5 Nf6 4.Bxc6 dxc6 5.d3 g6 6.O-O Bg7 7.Re1 O-O 8.c3 Bg4
9.h3 Bxf3 10.Qxf3 Nd7 11.Bf4 Qb6 12.Qe2 e5 13.Bc1 Rfe8 14.Nd2 Nf8 15.Nf3 Rad8
16.Rd1 Qa6 17.Be3 b6 18.a3 Ne6 19.g3 h6 20.Qc2 Rd7 21.Ne1 Red8 22.c4 Qc8
23.b4 f5 24.f3 f4 25.Bf2 fxg3 26.Bxg3 Rf7 27.Qh2 Ng5 28.Kg2 Rdf8 29.bxc5 bxc5
30.Ra2 Nxf3 31.Nxf3 Rxf3 32.Rf2 Rxf2+ 33.Bxf2 Qb7 34.Qg3 Qb2 35.Qe3 Qc2 36.Rd2 Qc1
37.Ra2 Qb1 38.Rd2 Qc1 39.Ra2 Qb1 40.Rd2 Qc1  1/2-1/2

[Event "88th Hastings Masters"]
[Site "Hastings ENG"]
[Date "2013.01.03"]
[Round "7.39"]
[White "Spanton,T"]
[Black "Waddington,M"]
[Result "1-0"]
[WhiteElo "2020"]
[BlackElo "2117"]

1.e4 c5 2.Nf3 Nc6 3.Bb5 g6 4.O-O Bg7 5.c3 e5 6.d3 Nge7 7.Be3 b6 8.d4 d6 9.d5 a6
10.Bxc6+ Nxc6 11.dxc6 O-O 12.Qd2 Qc7 13.Bh6 Bg4 14.Bxg7 Kxg7 15.Na3 Bxf3
16.gxf3 f5 17.Rad1 Rf6 18.Nc4 fxe4 19.fxe4 Raf8 20.Nxd6 Rf4 21.Qd5 Qe7 22.Rd3 Qf6
23.c7 Rxf2 24.Nf5+ Rxf5 25.exf5 Qg5+ 26.Rg3  1-0

[Event "25th Staufer Open"]
[Site "Schwaebisch Gmuend GER"]
[Date "2013.01.03"]
[Round "4.34"]
[White "Hoffart,A"]
[Black "Bauer,Andreas2"]
[Result "0-1"]
[WhiteElo "1971"]
[BlackElo "2146"]

1.e4 c5 2.Nf3 Nc6 3.Bb5 Na5 4.d4 a6 5.Be2 cxd4 6.Nxd4 Qc7 7.Nc3 e6 8.O-O b5
9.Bf3 Bb7 10.Re1 Rc8 11.Qe2 Ne7 12.Bg5 Nc4 13.Nd1 Qe5 14.Bxe7 Bxe7 15.c3 O-O
16.Ne3 Nxe3 17.Qxe3 b4 18.Rec1 Bg5  0-1

[Event "25th Staufer Open"]
[Site "Schwaebisch Gmuend GER"]
[Date "2013.01.03"]
[Round "4.14"]
[White "Kersten,U"]
[Black "Reimche,V"]
[Result "1-0"]
[WhiteElo "2302"]
[BlackElo "2086"]

1.e4 c5 2.Nf3 Nc6 3.Bb5 g6 4.O-O Bg7 5.c3 e5 6.d4 cxd4 7.cxd4 Nxd4 8.Nxd4 exd4
9.f4 Ne7 10.f5 Nc6 11.f6 Bf8 12.Nd2 a6 13.Bc4 Ne5 14.Bd5 Qb6 15.Nf3 Ng4 16.Bxf7+ Kd8
17.Kh1 Nxf6 18.Bg5 Be7 19.Nxd4 d5 20.exd5 Nxd5 21.Bxe7+ Nxe7 22.Ne6+  1-0

[Event "16th New Year Open"]
[Site "Guben GER"]
[Date "2013.01.04"]
[Round "5"]
[White "Kasparov,S"]
[Black "Adamczewski,M"]
[Result "1-0"]
[WhiteElo "2475"]
[BlackElo "1751"]

1.e4 c5 2.Nf3 Nc6 3.Bb5 g6 4.Bxc6 dxc6 5.d3 Bg7 6.h3 Nf6 7.Nc3 Qc7 8.Be3 b6
9.Qd2 e5 10.Bh6 O-O 11.Nh2 Kh8 12.O-O-O Ng8 13.Bxg7+ Kxg7 14.Rdf1 c4 15.dxc4 Ba6
16.b3 b5 17.cxb5 Bxb5 18.Rd1 Rfd8 19.Qe3 Qe7 20.Nf3 Rdb8 21.Qd2 Rd8 22.Qg5 f6
23.Rxd8 fxg5 24.Rxa8 h6 25.Rd1 Nf6 26.Kb2 g4 27.hxg4 Nxg4 28.Rdd8 g5 29.Rg8+ Kh7
30.Rh8+ Kg6 31.Rag8+ Kf6 32.Nxg5 hxg5 33.f3 Qd7 34.Rd8 Qc7 35.Rdf8+ Kg7 36.Rfg8+ Kf6
37.fxg4 Qb6 38.Rh6+ Kf7 39.Rxg5 Qd4 40.Rh7+ Kf8 41.Rgg7 a5 42.Ra7 Kg8 43.Rhb7 Kf8
44.Ra8+  1-0

[Event "16th Bad Zwesten Open"]
[Site "Bad Zwesten GER"]
[Date "2013.01.05"]
[Round "6.1"]
[White "Orlov,And"]
[Black "Sarkoezy,B"]
[Result "1-0"]
[WhiteElo "2535"]
[BlackElo "2108"]

1.e4 c5 2.Nf3 Nc6 3.Bb5 g6 4.O-O Bg7 5.Re1 e5 6.Bxc6 dxc6 7.d3 Qe7 8.Be3 Nf6
9.h3 Nd7 10.Nbd2 Nf8 11.a3 Ne6 12.Qb1 O-O 13.b4 b6 14.bxc5 Nxc5 15.Qb4 Be6
16.a4 a5 17.Qxb6 Na6 18.Rab1 Rfb8 19.Qxa6 Rxa6 20.Rxb8+ Bf8 21.Bh6 Qb7 22.Rxf8+  1-0

[Event "11th Parsvnath Open"]
[Site "New Delhi IND"]
[Date "2013.01.05"]
[Round "1.21"]
[White "Stany,G"]
[Black "Tiwari,Ar"]
[Result "1/2-1/2"]
[WhiteElo "2454"]
[BlackElo "2251"]

1.e4 c5 2.Nf3 Nc6 3.Bb5 e6 4.O-O Nge7 5.c3 a6 6.Ba4 b5 7.Bc2 d5 8.d4 cxd4
9.Nxd4 Nxd4 10.cxd4 dxe4 11.Bxe4 Ra7 12.Qf3 Rd7 13.Nc3 f5 14.Bc2 Bb7 15.Qe2 b4
16.Na4 Nc6 17.Qxe6+ Re7 18.Qxf5 Nxd4 19.Qh5+ g6 20.Bxg6+ hxg6 21.Qxg6+ Kd7
22.Rd1 Kc8 23.Bf4 Re6 24.Rac1+ Bc6 25.Qxe6+ Nxe6 26.Rxc6+ Kb7 27.Rxd8 Kxc6
28.Rc8+ Kb5 29.Bd6 Kxa4 30.Re8 Bg7 31.Rxe6  1/2-1/2

[Event "11th Parsvnath Open"]
[Site "New Delhi IND"]
[Date "2013.01.05"]
[Round "1.33"]
[White "Ankit,R"]
[Black "Xu Huahua"]
[Result "1-0"]
[WhiteElo "2407"]
[BlackElo "2177"]

1.e4 c5 2.Nf3 Nc6 3.Bb5 e6 4.O-O Nge7 5.d4 cxd4 6.Nxd4 Qb6 7.Nxc6 bxc6 8.Be2 Ng6
9.c4 Be7 10.Nc3 O-O 11.Rb1 c5 12.Be3 Qb8 13.Qd2 d6 14.f4 Rd8 15.g3 Bd7 16.a3 a5
17.a4 Bc6 18.Bf3 Qb7 19.Qg2 Qb4 20.Qe2 Qb7 21.Qf2 Nf8 22.Rfe1 Nd7 23.Nb5 Nb6
24.b3 Bf8 25.Rbc1 Rac8 26.Qd2 Qa8 27.Qe2 Qb7 28.Qd3 d5 29.cxd5 exd5 30.e5 c4
31.Qd4 Nd7 32.bxc4 Bc5 33.Qd2 Bb4 34.Qa2 Bxe1 35.Rxe1 dxc4 36.Nd6 Qb4  1-0

[Event "11th Parsvnath Open"]
[Site "New Delhi IND"]
[Date "2013.01.06"]
[Round "3.33"]
[White "Bharathi,R"]
[Black "Chandra,Akshat"]
[Result "0-1"]
[WhiteElo "2101"]
[BlackElo "2300"]

1.e4 c5 2.Nf3 Nc6 3.Bb5 d6 4.O-O Bd7 5.Re1 Nf6 6.c3 a6 7.Ba4 b5 8.Bc2 Bg4
9.h3 Bh5 10.d3 e6 11.Nbd2 Be7 12.Nf1 O-O 13.Ng3 Bg6 14.d4 cxd4 15.cxd4 Rc8
16.Qe2 Nb4 17.Bb1 d5 18.Rd1 Nxe4 19.Nxe4 dxe4 20.Bxe4 Bf6 21.Bxg6 hxg6 22.Be3 Qd5
23.b3 Nc2 24.Rab1 Rfd8 25.Rd2 Qe4 26.Rbd1 Be7 27.Qd3 Qxd3 28.Rxd3 Nb4 29.R3d2 Nd5
30.Ne5 Bb4 31.Rd3 Rc2 32.Bd2 Rdc8 33.Bxb4 Nxb4 34.Rf3 R8c7 35.a3 Nd5 36.Rfd3 Ra2
37.b4 Rcc2 38.Rf3 Rc7 39.Kh2 g5  0-1

[Event "XXIV Roquetas Open"]
[Site "Roquetas de Mar ESP"]
[Date "2013.01.06"]
[Round "8.7"]
[White "Rzayev,B"]
[Black "Gonzalez Perez,A"]
[Result "1-0"]
[WhiteElo "2370"]
[BlackElo "2473"]

1.e4 c5 2.Nf3 Nc6 3.Bb5 e6 4.O-O Nge7 5.c3 a6 6.Ba4 b5 7.Bc2 Bb7 8.d4 cxd4
9.Nxd4 Rc8 10.Be3 Qc7 11.Nb3 d6 12.a4 b4 13.a5 g6 14.Bd4 e5 15.Bb6 Qb8 16.N1d2 bxc3
17.Nc4 Nd4 18.Nxd4 Rxc4 19.Ba4+ Nc6 20.Nxc6 Rxc6 21.Rc1 Ke7 22.Bxc6 Bxc6
23.Rxc3 Bxe4 24.Rc7+ Ke6 25.Qa4 Bd5 26.Rd1 Qa8 27.Qd7+ Kf6 28.Ra7 Qc6 29.Qxc6 Bxc6
30.Rxa6 Ba4 31.Ra1 Bb5 32.Ra8 Ke6 33.a6  1-0

[Event "Australian Open 2013"]
[Site "Cammeray AUS"]
[Date "2013.01.07"]
[Round "6.49"]
[White "Dickson,I"]
[Black "London,Shane"]
[Result "1-0"]
[WhiteElo "1790"]
[BlackElo "1683"]

1.e4 c5 2.Nf3 Nc6 3.Bb5 d6 4.Bxc6+ bxc6 5.O-O Nf6 6.Re1 e5 7.c3 Bg4 8.h3 Bh5
9.d3 Be7 10.Be3 Rb8 11.b3 Qa5 12.Bd2 Qa6 13.Qc2 Bxf3 14.gxf3 O-O 15.f4 exf4
16.Bxf4 Nh5 17.Bg3 Qc8 18.Kh2 Nxg3 19.fxg3 Bf6 20.Nd2 Qe6 21.Nf3 g5 22.Rac1 h5
23.Qe2 g4 24.hxg4 hxg4 25.Nh4 Bxh4 26.gxh4 Kg7 27.e5 Rh8 28.Kg3 Rh6 29.exd6 Qxd6+
30.Qe5+ Qxe5+ 31.Rxe5 Rbh8 32.Rh1 Rd8 33.Rd1 Rhd6 34.Kxg4 Rxd3 35.Rxd3 Rxd3
36.Rxc5 Rd2 37.a4 Rg2+ 38.Kf4 Rf2+ 39.Kg3 Rf6 40.Kg4 Re6 41.h5 f6 42.Ra5 Re7
43.Kf5 Rb7 44.b4 Rc7 45.Rc5 Re7 46.h6+ Kxh6 47.Kxf6 Rg7 48.Ke6 Rg6+ 49.Kd7 Rg7+
50.Kxc6 Kg6 51.Rd5 Kf6 52.Rd6+ Ke5 53.Rd7 Rg3 54.c4 Rg6+ 55.Kb5 Rb6+ 56.Ka5 Rc6
57.c5 a6 58.Rd6 Rc7 59.Rxa6 Kd5 60.Rd6+ Kc4 61.Kb6 Rc8 62.b5 Rb8+ 63.Ka7 Rc8
64.c6 Kc5 65.Rd7  1-0

[Event "11th Parsvnath Open"]
[Site "New Delhi IND"]
[Date "2013.01.07"]
[Round "4.4"]
[White "Lu Shanglei"]
[Black "Stany,G"]
[Result "1-0"]
[WhiteElo "2526"]
[BlackElo "2454"]

1.e4 c5 2.Nf3 Nc6 3.Bb5 g6 4.Bxc6 dxc6 5.d3 Bg7 6.h3 Nf6 7.O-O O-O 8.Nc3 Nd7
9.Nh2 e5 10.Kh1 Qe7 11.f4 exf4 12.Bxf4 Ne5 13.Qe1 Be6 14.Qg3 f6 15.Nf3 Nf7
16.Rae1 b6 17.b3 Rae8 18.Nd1 Qd7 19.Bd2 Qd6 20.Qh4 f5 21.exf5 Bxf5 22.Bc3 Qd8
23.Bxg7 Kxg7 24.Qa4 Qd7 25.Nf2 Rxe1 26.Rxe1 Re8 27.Rxe8 Qxe8 28.Qxa7 Qe3
29.Ne4 Qc1+ 30.Kh2 Bxe4 31.dxe4 Qf4+ 32.Kh1 Qc1+ 33.Ng1 Qxc2 34.e5 Qf5 35.Nf3 Kh6
36.Qxb6 Ng5 37.Qxc5 Nxf3 38.Qe3+ Kg7 39.Qxf3 Qxe5 40.Qxc6 Qa1+ 41.Kh2 Qxa2
42.b4 Qb2 43.Qc5 Qd2 44.Qc7+ Kf6 45.b5 Ke6 46.b6 Qd6+ 47.Qxd6+ Kxd6 48.Kg3 Kc6
49.Kf4 Kxb6 50.Kg5  1-0

[Event "Australian Open 2013"]
[Site "Cammeray AUS"]
[Date "2013.01.08"]
[Round "7.34"]
[White "Lovejoy,D"]
[Black "Louie,Ryan"]
[Result "1/2-1/2"]
[WhiteElo "1937"]
[BlackElo "1820"]

1.e4 c5 2.Nf3 Nc6 3.Bb5 g6 4.O-O Bg7 5.Bxc6 dxc6 6.d3 Nf6 7.Nbd2 O-O 8.Re1 Ng4
9.h3 Nh6 10.Nb3 b6 11.Bf4 f6 12.Qd2 Nf7 13.e5 g5 14.Bg3 h6 15.c4 e6 16.exf6 Qxf6
17.Re2 a5 18.a4 Ra7 19.Rae1 Rd8 20.Qe3  1/2-1/2

[Event "Australian Open 2013"]
[Site "Cammeray AUS"]
[Date "2013.01.11"]
[Round "9.4"]
[White "Ikeda,J"]
[Black "Brown,An"]
[Result "1-0"]
[WhiteElo "2345"]
[BlackElo "2261"]

1.e4 c5 2.Nf3 Nc6 3.Bb5 g6 4.O-O Bg7 5.c3 Nf6 6.d4 Nxe4 7.d5 Nd6 8.Bd3 Ne5
9.Nxe5 Bxe5 10.Re1 Bg7 11.Bf4 Qb6 12.a4 O-O 13.Rxe7 c4 14.Bf1 Qxb2 15.Bxd6 Qxa1
16.Bxc4 b5 17.axb5 Bb7 18.Re2 Qa5 19.Bxf8 Bxf8 20.d6 Rb8 21.Qb3 Bxd6 22.Bxf7+ Kg7
23.Be8 Bc6 24.c4 Qd8 25.Qd1 Qg5 26.bxc6 Qh5 27.g3 Rxb1 28.Qxb1 Qxe2 29.cxd7 Bc5
30.Qa1+ Kh6 31.Qf6 Qd1+ 32.Kg2 Bb6 33.Qf8+ Kh5 34.h3 Qd4 35.g4+ Kg5 36.Qe7+ Kf4
37.Qf7+ Kg5 38.Qf3 Qxc4 39.Qe3+ Qf4 40.d8=Q+  1-0

[Event "TCh-FIN SM 2012-13"]
[Site "Helsinki FIN"]
[Date "2013.01.12"]
[Round "8.6"]
[White "Hamalainen,S"]
[Black "Paakkonen,T"]
[Result "1/2-1/2"]
[WhiteElo "2257"]
[BlackElo "2283"]

1.e4 c5 2.Nf3 Nc6 3.Bb5 g6 4.Bxc6 dxc6 5.Nc3 Bg7 6.d3 e5 7.O-O Ne7 8.Be3 b6
9.a4 a5 10.Nd2 O-O  1/2-1/2

[Event "Prague Open A 2013"]
[Site "Prague CZE"]
[Date "2013.01.12"]
[Round "4.15"]
[White "Rasik,V"]
[Black "Hlinka,V"]
[Result "1-0"]
[WhiteElo "2516"]
[BlackElo "2130"]

1.e4 c5 2.Nf3 Nc6 3.Bb5 d6 4.O-O Bd7 5.c3 Nf6 6.Re1 a6 7.Ba4 b5 8.Bc2 Bg4
9.a4 e6 10.axb5 axb5 11.Rxa8 Qxa8 12.Na3 b4 13.Nb5 Qb7 14.d4 Be7 15.Nxd6+ Bxd6
16.e5 b3 17.Bxb3 cxd4 18.exf6 gxf6 19.Bd5 O-O 20.Bxc6 Qxc6 21.Qxd4 Bxf3 22.Qxf6 Qd5
23.Bh6 Be5 24.Qxe5 Qxe5 25.Rxe5  1-0

[Event "Prague Open A 2013"]
[Site "Prague CZE"]
[Date "2013.01.12"]
[Round "5.12"]
[White "Svoboda,S"]
[Black "Grigoryeva,O2"]
[Result "1-0"]
[WhiteElo "2334"]
[BlackElo "2175"]

1.e4 c5 2.Nf3 Nc6 3.Bb5 Nd4 4.Nxd4 cxd4 5.O-O e6 6.d3 a6 7.Ba4 b5 8.Bb3 Bb7
9.f4 Nf6 10.f5 Qc7 11.Bg5 Be7 12.Nd2 h6 13.Bh4 e5 14.a4 d6 15.Bxf6 Bxf6 16.Qh5 O-O
17.h4 Kh7 18.axb5 axb5 19.Rxa8 Bxa8 20.Nf3 g6 21.fxg6+ fxg6 22.Qg4 Qe7 23.Ra1 h5
24.Qe6 Qxe6 25.Bxe6 Re8 26.Bb3 Bc6 27.Ra6 Rc8 28.Ra7+ Kh6 29.Rf7 Bg7 30.Ng5 Rb8
31.Rc7 Ba8 32.Nf7+ Kh7 33.Nxd6 b4 34.g3 Rb6 35.Ne8 Rb7 36.Rc8 Ra7 37.Bd5 Bxd5
38.exd5 g5 39.d6 Kg6 40.Kg2 Bf8 41.Rc7 Ra6 42.d7 Be7 43.hxg5 Kxg5 44.Rc8 Ra2
45.Nd6 Rxb2 46.Re8 Rxc2+ 47.Kf3 Kf6 48.Nb7 Rc7 49.Rxe7 Rxb7 50.d8=Q Rxe7
51.Ke4 b3 52.Qb6+ Kg5 53.Qxb3 Re8 54.Qf7  1-0

[Event "38th Seville Open"]
[Site "Seville ESP"]
[Date "2013.01.12"]
[Round "2.14"]
[White "Santos Ruiz,Miguel"]
[Black "Mellado Trivino,J"]
[Result "1-0"]
[WhiteElo "2078"]
[BlackElo "2436"]

1.e4 c5 2.Nf3 Nc6 3.Bb5 Qb6 4.Nc3 e6 5.Bxc6 Qxc6 6.O-O a6 7.d4 cxd4 8.Nxd4 Qc7
9.Re1 b5 10.Bg5 f6 11.Bh4 Bb4 12.Nf5 Bxc3 13.bxc3 Kf8 14.Bg3 Qc6 15.Bd6+ Kf7
16.Nxg7 Kxg7 17.Qg4+ Kf7 18.Qh5+ Kg7 19.Rad1 Bb7 20.Re3 Qxe4 21.Rxe4 Bxe4
22.Qg4+ Bg6 23.Bb4 Ra7 24.Qd4 Rb7 25.Qd6 Nh6 26.Qxa6 Rhb8 27.Bd6 Rb6 28.Qa3  1-0

[Event "Australian Open 2013"]
[Site "Cammeray AUS"]
[Date "2013.01.13"]
[Round "11.4"]
[White "Illingworth,M"]
[Black "Brown,An"]
[Result "1-0"]
[WhiteElo "2408"]
[BlackElo "2261"]

1.e4 c5 2.Nf3 Nc6 3.Bb5 g6 4.Bxc6 dxc6 5.d3 Bg7 6.h3 Nf6 7.Nc3 Nd7 8.Be3 e5
9.Qd2 h6 10.Nh2 Qe7 11.O-O b6 12.a3 a5 13.Ne2 Ba6 14.Rae1 O-O-O 15.b4 cxb4
16.axb4 axb4 17.Ra1 Kb7 18.Rfb1 f5 19.f3 c5 20.c3 Nb8 21.cxb4 Rxd3 22.Qa2 cxb4
23.Nf1 Rhd8 24.Bxb6 Kxb6 25.Qa5+ Kc6 26.Qa4+ Kc7 27.Rxb4 Qc5+ 28.Kh2 Rd1
29.Ra2 Nc6 30.Rc2 Qxc2 31.Qxc2 Bxe2 32.Ne3 R1d2 33.Qc5 Bf8 34.Qb6+ Kd7 35.Qb7+ Ke6
36.Qxc6+ R2d6 37.Qc2 Bd3 38.Qb3+ Kf6 39.Nd5+ Rxd5 40.Rb6+ R5d6 41.Qxd3 Be7
42.Qb1 Rxb6 43.Qxb6+ Rd6 44.Qb3 f4 45.Qc3 Rd4 46.g3 Bb4 47.Qc6+ Rd6 48.Qa4 fxg3+
49.Kxg3 Be1+ 50.Kg2 Rd2+ 51.Kf1 Bg3 52.Qb4 Bf4 53.h4 Rd1+ 54.Ke2 Rd2+ 55.Ke1 Kf7
56.Qc4+ Ke7 57.Qg8 Rd6 58.Qh7+ Kd8 59.Qf7 Bg3+ 60.Ke2 Bf4 61.h5 gxh5 62.Qxh5 Rd2+
63.Ke1 Kd7 64.Qg6 Rh2 65.Kf1 Rd2 66.Qf6 Rd1+ 67.Kg2 Rd2+ 68.Kg1 Kc7 69.Qe6 Be3+
70.Kf1 Bf4 71.Ke1 Rd6 72.Qe7+ Kc6 73.Qe8+ Kb6 74.Qc8 Rd3 75.Qb8+ Kc5 76.Qa7+ Kb4
77.Qb6+ Kc3 78.Qa6 h5 79.Qa5+ Kb2 80.Ke2 Re3+ 81.Kf2 Rc3 82.Qb4+ Kc2 83.Qe7 Kd1
84.Qd8+ Kc1 85.Qh8 Rc2+ 86.Kg1 Rh2 87.Qf6 Kd2 88.Qxf4+ exf4 89.Kxh2 Ke3 90.e5 Kxf3
91.e6 Kf2 92.e7 f3 93.e8=Q h4 94.Qe4 h3 95.Kxh3 Kg1 96.Qe1+  1-0

[Event "ch-BLR w 2013"]
[Site "Minsk BLR"]
[Date "2013.01.14"]
[Round "5.4"]
[White "Davydova,Natalia"]
[Black "Kaliadzich,M"]
[Result "0-1"]
[WhiteElo "1991"]
[BlackElo "1950"]

1.e4 c5 2.Nf3 Nc6 3.Bb5 g6 4.O-O Bg7 5.c3 Nf6 6.Re1 O-O 7.d4 cxd4 8.cxd4 d5
9.e5 Ne4 10.Nbd2 Nxd2 11.Bxd2 Qb6 12.Bxc6 Qxc6 13.Qb3 Bf5 14.Rac1 Qd7 15.Rc5 b6
16.Rxd5 Qb7 17.Rb5 Bd7 18.Rb4 Be6 19.d5 Bxd5 20.Qe3 Rfd8 21.Bc3 e6 22.a3 Rd7
23.Rh4 Rad8 24.Bb4 Bxf3 25.Qxf3 Qxf3 26.gxf3 Rd3 27.Kg2 R8d5 28.Bd6 h5 29.Rc4 Rb3
30.Re2 Rdd3 31.Bb4 Rxf3 32.Bc3 Rf5 33.Rc8+ Kh7 34.Rc7 a5 35.Rb7 a4 36.Re4 Rb5
37.f4 g5 38.Rxa4 gxf4 39.Kf3 Bxe5 40.Bxe5 Rbxe5 41.Rxb6 Re3+ 42.Kf2 Rh3 43.Rab4 Rxh2+
44.Kf3 Rh3+ 45.Kf2 f3 46.R6b5 Rh2+ 47.Kf1 e5 48.Re4 f2  0-1

[Event "38th Seville Open"]
[Site "Seville ESP"]
[Date "2013.01.14"]
[Round "4.12"]
[White "Sanchez Romero,M"]
[Black "Herraiz Hidalgo,H"]
[Result "0-1"]
[WhiteElo "2229"]
[BlackElo "2488"]

1.e4 c5 2.Nf3 Nc6 3.Bb5 g6 4.O-O Bg7 5.Re1 Nf6 6.e5 Nd5 7.Nc3 Nc7 8.Bxc6 dxc6
9.d3 O-O 10.Be3 b6 11.Ne4 Bg4 12.Neg5 Bxe5 13.Bxc5 bxc5 14.Rxe5 f6 15.Re4 Bf5
16.g4 Bxe4 17.Nxe4 Qd7 18.Nh4 Ne6 19.Qf3 c4 20.dxc4 Ng5 21.Qe2 Qe6 22.Re1 Nh3+
23.Kf1 Nf4 24.Qf3 Qxc4+ 25.Kg1 e5 26.g5 fxg5 27.Nxg5 Qxc2 28.Qg4 Rad8 29.Ng2 Qf5
30.Ne3  0-1

[Event "68th ch-ARM w 2013"]
[Site "Yerevan ARM"]
[Date "2013.01.14"]
[Round "3.3"]
[White "Babayan,Arm"]
[Black "Ghambaryan,Hasmik"]
[Result "1-0"]
[WhiteElo "2021"]
[BlackElo "1953"]

1.e4 c5 2.Nf3 Nc6 3.Bb5 d6 4.O-O g6 5.c3 a6 6.Bxc6+ bxc6 7.e5 d5 8.d4 cxd4
9.cxd4 Bg7 10.h3 e6 11.Qc2 Bd7 12.b3 Ne7 13.Ba3 O-O 14.Nc3 Re8 15.Na4 Nf5
16.Bc5 Rb8 17.Qd3 Bc8 18.Rac1 Qd7 19.g4 Ne7 20.Qc3 Bb7 21.Bd6 Qd8 22.Bxb8 Qxb8
23.Qb4  1-0

[Event "PSC Cup 2013"]
[Site "Manila PHI"]
[Date "2013.01.15"]
[Round "2.23"]
[White "Yee Soon Wei"]
[Black "Goundar,S"]
[Result "1-0"]
[WhiteElo "2243"]
[BlackElo "1942"]

1.e4 c5 2.Nf3 Nc6 3.Bb5 d6 4.Bxc6+ bxc6 5.O-O e5 6.c3 Bg4 7.h3 h5 8.d4 cxd4
9.cxd4 Bxf3 10.Qxf3 exd4 11.e5 d5 12.Nd2 Be7 13.Nb3 c5 14.Bd2 Rc8 15.Rac1 g5
16.Rfe1 Qd7 17.Qe2 Kf8 18.Qa6 Rh6 19.Qa5 Rhc6 20.Qb5 Qc7 21.Qe2 d3 22.Qxh5 Qb6
23.Re3 Rh6 24.Qf3 Qe6 25.Rxd3 d4 26.Qb7 Rc6 27.Na5 Rb6 28.Qa8+ Kg7 29.Nc4 Rc6
30.Rb3 Rc8 31.Qxa7 Rh4 32.Qb7 Rd8 33.a4 d3 34.Rb6 Qf5 35.Ne3 Qh7 36.a5 Rdd4
37.Qc8 Rdf4 38.Nd5 Rc4 39.Rxc4 Rxc4 40.Ne3 Qe4 41.Qf5 Qd4 42.Qg4 Ra4 43.Nf5+ Kf8
44.Nxd4  1-0

[Event "38th Seville Open"]
[Site "Seville ESP"]
[Date "2013.01.15"]
[Round "5.14"]
[White "Piscopo,P"]
[Black "Romero Romero,S"]
[Result "1-0"]
[WhiteElo "2407"]
[BlackElo "2156"]

1.e4 c5 2.Nf3 Nc6 3.Bb5 e6 4.c3 Nge7 5.d4 cxd4 6.cxd4 d5 7.Nc3 dxe4 8.Nxe4 Nf5
9.O-O f6 10.Ng3 Qd5 11.Qd3 Nd6 12.Ba4 Qa5 13.Bb3 Nb4 14.Qe2 Nd5 15.Bd2 Qb5
16.Qd1 Bd7 17.Re1 Nc4 18.Rxe6+ Kf7 19.a4 Nxb2 20.Ng5+ Kg8 21.axb5 Nxd1 22.Bxd5  1-0

[Event "Dvorkovich Mem 2013"]
[Site "Taganrog RUS"]
[Date "2013.01.15"]
[Round "1.21"]
[White "Esipenko,Andrey"]
[Black "Kornyukov,A"]
[Result "1/2-1/2"]
[WhiteElo "2140"]
[BlackElo "2460"]

1.e4 c5 2.Nf3 Nc6 3.Bb5 e6 4.Bxc6 bxc6 5.d3 Ne7 6.O-O Ng6 7.Nbd2 Be7 8.Re1 O-O
9.Nf1 d6 10.c3 f5 11.exf5 exf5 12.d4 d5 13.dxc5 Bxc5 14.Nd4 Qd6 15.b4 Bb6
16.a4 a5 17.bxa5 Bxa5 18.Ba3 c5 19.Nb3 Bb6 20.a5 Ba7 21.Qd4 cxd4 22.Bxd6 Rd8
23.Bc7 Rd7 24.Bb6 dxc3 25.Nd4 Bb7 26.Bxa7 Rxa7 27.Rec1 Ne5 28.Rxc3 Nc4 29.Ne3 Rxa5
30.Rxa5 Nxa5 31.Rc5 Nc4 32.Nexf5 g6 33.Ng3 Re7 34.h4 Ne5 35.Rc3 Ng4 36.Rc1 Ba6
37.h5 Bc4 38.hxg6 hxg6 39.Nf1 Re4 40.Rd1 Rf4 41.Nf3 Kg7  1/2-1/2

[Event "68th ch-ARM w 2013"]
[Site "Yerevan ARM"]
[Date "2013.01.16"]
[Round "5.4"]
[White "Karapetyan,L"]
[Black "Ghambaryan,Hasmik"]
[Result "0-1"]
[WhiteElo "1929"]
[BlackElo "1953"]

1.e4 c5 2.Nf3 Nc6 3.Bb5 g6 4.Bxc6 dxc6 5.O-O Bg7 6.d3 Nf6 7.Re1 O-O 8.c3 Bg4
9.e5 Nd7 10.d4 cxd4 11.cxd4 c5 12.Re4 Nxe5 13.Rxg4 Nxg4 14.h3 Nf6  0-1

[Event "68th ch-ARM w 2013"]
[Site "Yerevan ARM"]
[Date "2013.01.16"]
[Round "5.5"]
[White "Movsisian,N"]
[Black "Hairapetian,A"]
[Result "0-1"]
[WhiteElo "2040"]
[BlackElo "2199"]

1.e4 c5 2.Nf3 Nc6 3.Bb5 g6 4.Bxc6 dxc6 5.d3 Bg7 6.h3 Nf6 7.Nc3 Nd7 8.Be3 e5
9.Qd2 Qe7 10.O-O Nf8 11.Nh2 Ne6 12.Rab1 h5 13.Ne2 b6 14.f4 exf4 15.Nxf4 Nxf4
16.Bxf4 Be6 17.Rbe1 O-O 18.e5 Qd7 19.Bg5 Qd4+ 20.Kh1 Qxb2 21.Bf6 Qxa2 22.Re4 Rad8
23.Bxd8 Rxd8 24.Nf3 Qd5 25.Qf2 a5 26.g4 hxg4 27.hxg4 Qd7 28.Qh4 Bd5 29.e6 fxe6
30.Ng5 Bxe4+ 31.dxe4 Be5 32.Nxe6 Re8 33.Ng5 Rd8 34.Nf7 Rf8 35.Nh6+ Kg7 36.Rg1 Rh8
37.g5 a4 38.Rf1 Rf8 39.Rxf8 Kxf8 40.Qf2+ Kg7 41.Qf3 a3 42.Qxa3 Qd1+ 43.Kg2 Qe2+
44.Kg1 Bd4+ 45.Kh1 Qh5+ 46.Kg2 Qxg5+  0-1

[Event "PSC Cup 2013"]
[Site "Manila PHI"]
[Date "2013.01.17"]
[Round "6.1"]
[White "Paragua,M"]
[Black "Pascua,H"]
[Result "0-1"]
[WhiteElo "2519"]
[BlackElo "2386"]

1.e4 c5 2.Nf3 Nc6 3.Bb5 Nf6 4.Nc3 g6 5.e5 Ng4 6.Bxc6 dxc6 7.h3 Nh6 8.g4 Bg7
9.d3 O-O 10.Be3 f5 11.exf6 exf6 12.Qd2 Nf7 13.Bxc5 Re8+ 14.Be3 f5 15.gxf5 Bxf5
16.O-O-O b5 17.Kb1 b4 18.Ne2 c5 19.Nf4 Qf6 20.Qc1 Rac8 21.Nd2 Nd6 22.Rhe1 a5
23.Nd5 Qf7 24.Nb6 Rc6 25.Nbc4 Nb5 26.Nf3 Qd5 27.Bh6 Rxe1 28.Nxe1 a4 29.Bxg7 Kxg7
30.Qg5 Rf6 31.Ng2 Be6 32.Qg3 Qf3 33.Nce3 Bxh3 34.Qb8 Nd6 35.Qc7+ Nf7 36.Qh2 Bxg2
37.Qxg2 Qxg2 38.Nxg2 Rxf2 39.Ne3 h5 40.Kc1 Nd6 41.b3 axb3 42.axb3 Nb5 43.Kb2 Nd4  0-1

[Event "5th Chennai Open 2013"]
[Site "Chennai IND"]
[Date "2013.01.18"]
[Round "3"]
[White "Karthikeyan,M2"]
[Black "Phadke,So1"]
[Result "1-0"]
[WhiteElo "2352"]
[BlackElo "2169"]

1.e4 c5 2.Nf3 Nc6 3.Bb5 e6 4.O-O Nge7 5.Re1 Qb6 6.Na3 a6 7.Bf1 g6 8.e5 Bg7
9.Nc4 Qc7 10.c3 O-O 11.d4 cxd4 12.cxd4 b5 13.Nd6 f6 14.Bf4 fxe5 15.Bxe5 Nxe5
16.dxe5 Bb7 17.Nxb7 Qxb7 18.Bd3 Rad8 19.Be4 Qb6 20.Qe2 Nc6 21.Bxc6 dxc6 22.Rad1 c5
23.h4 c4 24.Qe4 Qc5 25.h5 Rxd1 26.Rxd1 gxh5 27.Rd6 h4 28.Rd7 Rf5 29.Qg4 Qf8
30.Nd4 Rxf2 31.Qxg7+  1-0

[Event "5th Chennai Open 2013"]
[Site "Chennai IND"]
[Date "2013.01.18"]
[Round "3"]
[White "Siddharth,R"]
[Black "Kiran,M"]
[Result "1/2-1/2"]
[WhiteElo "2372"]
[BlackElo "2179"]

1.e4 c5 2.Nf3 Nc6 3.Bb5 e6 4.Bxc6 bxc6 5.O-O Ne7 6.b3 d5 7.e5 Ng6 8.d3 Be7
9.c4 O-O 10.Re1 f6 11.Bb2 a5 12.Nc3 fxe5 13.Nxe5 Nxe5 14.Rxe5 Bf6 15.Na4 Bxe5
16.Bxe5 Qe7 17.Qg4 Ra7 18.Qg3 Rd8 19.Qe3 Rad7 20.Nb6 Rb7 21.Na4 Rbd7 22.Nb6 Rb7
23.Na4 Rbd7  1/2-1/2

[Event "5th Chennai Open 2013"]
[Site "Chennai IND"]
[Date "2013.01.18"]
[Round "5"]
[White "Siddharth,R"]
[Black "Phadke,So1"]
[Result "1/2-1/2"]
[WhiteElo "2372"]
[BlackElo "2169"]

1.e4 c5 2.Nf3 Nc6 3.Bb5 e6 4.Bxc6 bxc6 5.d3 Ne7 6.Qe2 d5 7.c4 Ng6 8.O-O Be7
9.e5 O-O 10.Nc3 f6 11.Na4 fxe5 12.Nxe5 Nxe5 13.Qxe5 Bd6 14.Qe2 e5 15.b3 Bf5
16.Ba3 Qe7 17.cxd5 cxd5 18.Nc3 Qb7 19.Qf3 Be6 20.Qe3 Bf5 21.Qf3 Be6 22.Qe3 Bf5
23.Qf3 Be6  1/2-1/2